Представление документа в формате MARC21

Поле Инд. ПП Название Значение
Тип записи a
Библиографический уровень m
001 Контрольный номер RU/IS/BASE/308923129
005 Дата корректировки 20140703181150.4
040 a Служба первич. каталог. НБ ТвГУ
b Код языка каталог. rus
e Правила каталог. PSBO
041 0_ a Код языка текста rus
080 a Индекс УДК 51
080 a Индекс УДК 517.956.223
084 a Индекс другой классификации/Индекс ББК В1я54
a Индекс другой классификации/Индекс ББК В161.626
090 a Полочн. индекс В1я54
x Авторский знак С 56
245 10 a Заглавие Современная математика. Фундаментальные направления
n Номер части/ раздела Т. 26, 2007
260 a Место издания Москва
b Издательство Российский университет дружбы народов
c Дата издания 2007
300 a Объем 132 с.
440 a Серия Современная математика. Фундаментальные направления
500 a Примечание Содерж.: Неклассические краевые задачи. I / А. Л. Скубачевский
504 a Библиография Библиогр.: с. 126-130
504 a Библиография Предм. указ.: с. 131-132
650 a Основная рубрика Математика
650 14 a Основная рубрика Математический анализ
650 14 a Основная рубрика Дифференциальные уравнения с частными производными
650 14 a Основная рубрика Эллиптические дифференциальные уравнения
x Основная подрубрика Краевые задачи
653 a Ключевые слова Дифференциальные уравнения с частными производными
a Ключевые слова Краевые задачи
a Ключевые слова Математика
a Ключевые слова Математический анализ
a Ключевые слова Нелокальные краевые задачи
a Ключевые слова Эллиптические уравнения
700 a Другие авторы Гамкрелидзе Реваз Валерьянович
e Роль лиц гл. ред.
700 1_ a Другие авторы Скубаческий Алексей Леонидович
e Роль лиц авт.
t Заглавие произведения Неклассические краевые задачи. I
920 a Оператор Густ
952 c Вид литературы К рн
954 a Дата поступления на обработку 20091208